[Event "85th ch-GER 2014"]
[Site "Verden an der Aller GER"]
[Date "2014.11.29"]
[Round "9.2"]
[White "Wagner, Dennis"]
[Black "Graf, Felix"]
[Result "1-0"]
[WhiteTitle "IM"]
[BlackTitle "IM"]
[WhiteElo "2484"]
[BlackElo "2476"]
[WhiteFideId "24650684"]
[BlackFideId "24608904"]
[EventDate "2014.11.21"]

1. Nf3 e6 2. c4 b6 3. g3 Bb7 4. Bg2 Nf6 5. O-O Be7 6. d4 O-O 7. d5 exd5 8. Nh4
c6 9. cxd5 Nxd5 10. Nf5 Nc7 11. Nc3 d5 12. e4 Nd7 13. exd5 Nxd5 14. Nxd5 cxd5
15. Bxd5 Bxd5 16. Qxd5 Bf6 17. Rd1 Nc5 18. Qf3 Qe8 19. Nh6+ Kh8 20. Ng4 Be7 21.
Bf4 Rd8 22. Rxd8 Qxd8 23. Rd1 Qc8 24. Be5 Ne6 25. h4 f5 26. Ne3 f4 27. gxf4 Bxh4
28. f5 Nc5 29. Bxg7+ Kxg7 30. Qg4+ Kh8 31. Qxh4 Qc7 32. Qd4+ Qg7+ 33. Qxg7+ Kxg7
34. Kg2 Rf7 35. Kf3 Rd7 36. Rxd7+ Nxd7 37. Kf4 Kf7 38. Ng4 Nc5 39. Ne5+ Kf6 40.
b4 Na4 41. Ng4+ Ke7 42. Ke5 h5 43. Nf6 Kf7 44. Nd5 Nb2 45. Kf4 Nc4 46. Kg5 Nd6
47. f6 h4 48. Kxh4 Ke6 49. Nc3 Kxf6 50. f4 Kf5 51. Kg3 a6 52. Kf3 Nc4 53. Nd5
Ke6 54. Nc7+ Kd7 55. Nxa6 Kc6 56. a4 Nb2 57. Ke4 Nxa4 58. Ke5 Nb2 59. f5 Nc4+
60. Ke6 Nd2 61. Nb8+ Kb5 62. Nd7 Ne4 63. Ke5 Ng5 64. f6 Kxb4 65. Kf5 Nf7 66. Ke6
Ng5+ 67. Kf5 Nf7 68. Kg6 Nd6 69. Nxb6 Kc5 70. Nc8 Nc4 71. Kf5 Ne3+ 72. Ke6 Ng2
73. f7 Nf4+ 74. Kf5 Kd5 1-0

[Event "85th ch-GER 2014"]
[Site "Verden an der Aller GER"]
[Date "2014.11.29"]
[Round "9.3"]
[White "Kunin, Vitaly"]
[Black "Poetsch, Hagen"]
[Result "1-0"]
[WhiteTitle "GM"]
[BlackTitle "IM"]
[WhiteElo "2585"]
[BlackElo "2498"]
[WhiteFideId "4128737"]
[BlackFideId "24615137"]
[EventDate "2014.11.21"]

1. Nf3 Nf6 2. c4 b6 3. g3 Bb7 4. Bg2 c5 5. O-O g6 6. Nc3 Bg7 7. d4 cxd4 8. Qxd4
d6 9. Be3 Nbd7 10. Rac1 h6 11. Qd2 Ne4 12. Nxe4 Bxe4 13. Rfd1 Qc7 14. Bh3 Bxf3
15. exf3 h5 16. f4 O-O 17. f5 Ne5 18. Bg2 Rad8 19. fxg6 fxg6 20. Qd5+ Kh7 21. h3
Rf5 22. Qe4 Nf7 23. Qc2 Bh6 24. Re1 e5 25. Rcd1 Rf6 26. Rd5 Rf8 27. Qd3 Bxe3 28.
Rxe3 Kg7 29. Re2 h4 30. gxh4 Rh8 31. Re4 Qe7 32. b4 Re6 33. Qg3 Nh6 34. c5 bxc5
35. bxc5 Nf5 36. Qd3 Rc8 37. Rg4 Qf6 38. h5 Ne7 39. Rxd6 Rxc5 40. Rxe6 Qxe6 41.
hxg6 Rc1+ 42. Kh2 Ra1 43. a4 Ra2 44. Qe3 Qf6 45. Bf3 a5 46. Kg2 Nf5 47. Qa7+ Ne7
48. Qxa5 Nxg6 49. Qa7+ Kh6 50. Be4 1-0

[Event "85th ch-GER 2014"]
[Site "Verden an der Aller GER"]
[Date "2014.11.29"]
[Round "9.4"]
[White "Bluebaum, Matthias"]
[Black "Khenkin, Igor"]
[Result "1/2-1/2"]
[WhiteTitle "IM"]
[BlackTitle "GM"]
[WhiteElo "2537"]
[BlackElo "2575"]
[WhiteFideId "24651516"]
[BlackFideId "4659600"]
[EventDate "2014.11.21"]

1. d4 Nf6 2. c4 e6 3. Nf3 Bb4+ 4. Nbd2 O-O 5. g3 b6 6. Bg2 Bb7 7. O-O c5 8. a3
Bxd2 9. Bxd2 cxd4 10. Bb4 Re8 11. Bd6 Bxf3 12. exf3 Nc6 13. f4 Rc8 14. Rc1 h6
15. b4 Nh7 16. Re1 Nf8 17. Qd3 Ng6 18. Be4 Nge7 19. Red1 g6 20. b5 Na5 21. Bb4
d5 22. cxd5 exd5 23. Bf3 Rxc1 24. Rxc1 Nf5 25. Bg4 Qf6 26. Rd1 Nc4 27. Bxf5 gxf5
28. Qxd4 Qxd4 29. Rxd4 Rd8 30. Kg2 Kg7 31. Kf3 Kf6 32. Rd1 Rd7 33. h3 h5 34. Rc1
Rc7 35. Rd1 Rd7 36. Rc1 Rc7 37. Rd1 Rd7 1/2-1/2

[Event "85th ch-GER 2014"]
[Site "Verden an der Aller GER"]
[Date "2014.11.29"]
[Round "9.5"]
[White "Buhmann, Rainer"]
[Black "Jugelt, Tobias"]
[Result "1-0"]
[WhiteTitle "GM"]
[BlackTitle "IM"]
[WhiteElo "2601"]
[BlackElo "2404"]
[WhiteFideId "4651340"]
[BlackFideId "4626150"]
[EventDate "2014.11.21"]

1. c4 Nf6 2. Nf3 c6 3. Nc3 d5 4. e3 e6 5. b3 Nbd7 6. Qc2 Bd6 7. Bb2 O-O 8. Rg1
Ng4 9. h3 Nge5 10. Nxe5 Bxe5 11. f4 Bf6 12. O-O-O b6 13. g4 g6 14. g5 Bg7 15. h4
Bb7 16. h5 c5 17. Bg2 Nb8 18. cxd5 exd5 19. f5 Na6 20. a3 gxf5 21. Qxf5 Nc7 22.
h6 Bc8 23. Qf2 Bxc3 24. dxc3 Bg4 25. Rxd5 Nxd5 26. Bxd5 Bh5 27. Bxa8 Qd3 28. Qf6 1-0

[Event "85th ch-GER 2014"]
[Site "Verden an der Aller GER"]
[Date "2014.11.29"]
[Round "9.6"]
[White "Kollars, Dmitrij"]
[Black "Svane, Rasmus"]
[Result "1/2-1/2"]
[BlackTitle "IM"]
[WhiteElo "2283"]
[BlackElo "2509"]
[WhiteFideId "12909572"]
[BlackFideId "4657101"]
[EventDate "2014.11.21"]

1. c4 c6 2. g3 d5 3. Bg2 Nf6 4. Nf3 dxc4 5. Qc2 b5 6. a4 Bb7 7. b3 cxb3 8. Qxb3
a6 9. Ba3 e6 10. Bxf8 Kxf8 11. O-O g6 12. Nc3 Qe7 13. Ne5 Kg7 14. d4 Rc8 15. Nd3
Nd5 16. Nc5 Rc7 17. e4 Nb6 18. e5 Bc8 19. axb5 axb5 20. Rxa8 Nxa8 21. Nxb5 cxb5
22. Bxa8 Nd7 23. Qxb5 Nxc5 24. dxc5 Rxc5 25. Qb8 Qg5 26. f4 Qe7 27. Qb6 Rc2 28.
Be4 Rc4 29. Bg2 Qd7 30. h3 Qd3 31. Kh2 Rc2 32. Rf2 Rc1 33. Qb4 Rd1 34. Qe4 Qd7
35. Qe2 Qd4 36. Qb2 Qe3 37. Qe2 Qd4 38. Qb2 Qd7 39. Qe2 Rd4 40. Qg4 Rd1 41. Qe2
Rd3 42. Be4 Rd4 43. Qe3 Qa4 44. Bf3 Qb4 45. Qe2 Rc4 46. Qd3 Rd4 47. Qe2 Qb6 48.
Qe3 Qd8 49. Bg2 Rd3 50. Qc5 Rb3 51. Rf3 Rb1 52. Rf1 Rxf1 53. Bxf1 Qd2+ 54. Kg1
Bb7 55. Qf2 Qd1 56. Kh2 Bd5 57. Bg2 Qd3 58. Bf1 Qc3 59. Bg2 Qd3 60. Bf1 Qd1 61.
Bg2 Qb1 62. Bf3 Qc1 63. Bg2 h6 64. h4 Qc3 65. Qe2 Qd4 66. Bf3 Bc4 67. Qe1 Qb2+
68. Kg1 Bd5 69. Qf2 Qc3 70. Bg2 Bc4 71. Kh2 Qd3 72. Kg1 Qb1+ 73. Kh2 Qc1 74. Bf3
Bd5 75. Bg2 Qc6 76. Bf1 Kf8 77. Bh3 Qc4 78. Bg2 Kg7 79. Bf3 Qc6 80. Bg2 Qc3 81.
Bh3 h5 82. Bf1 Be4 83. Bg2 Bf5 84. Bh3 Bc2 85. Bg2 Bd1 86. Bf1 Bf3 87. Bg2 Bd5
88. Kg1 Kf8 89. Kh2 Ke8 90. Bf1 Qb4 91. Qe2 Qd4 92. Qb5+ Kf8 93. Qe2 Ke7 94. Bg2
Qc5 95. Bf1 Qc6 96. Qb2 Kf8 97. Qf2 Kg7 98. Bh3 Qc1 99. Bg2 Qd1 100. Bf1 Bf3
101. Bg2 Bg4 102. Bf1 Bf3 103. Bg2 Be2 104. Bh3 Bg4 105. Bg2 Bf5 106. Bf1 Be4
107. Bg2 Qd5 108. Bxe4 Qxe4 109. Qb2 Qf3 110. Qd2 Qf1 111. Qb2 Qf3 1/2-1/2

[Event "85th ch-GER 2014"]
[Site "Verden an der Aller GER"]
[Date "2014.11.29"]
[Round "9.7"]
[White "Bischoff, Klaus"]
[Black "Harff, Marcel"]
[Result "1-0"]
[WhiteTitle "GM"]
[BlackTitle "FM"]
[WhiteElo "2502"]
[BlackElo "2273"]
[WhiteFideId "4600045"]
[BlackFideId "24621382"]
[EventDate "2014.11.21"]

1. d4 e6 2. c4 f5 3. g3 Nf6 4. Bg2 Bb4+ 5. Nd2 O-O 6. Nf3 d6 7. O-O Bxd2 8. Bxd2
Qe7 9. Qb3 a5 10. Rac1 Ne4 11. Be3 Nd7 12. Nd2 Nxd2 13. Bxd2 c5 14. Be3 a4 15.
Qa3 Ra6 16. Rfd1 b6 17. Bc6 Nf6 18. Bb5 Ra7 19. dxc5 dxc5 20. Qd3 Bd7 21. Qd6
Bxb5 22. Qxb6 Rb7 23. Qa5 Ng4 24. cxb5 Nxe3 25. fxe3 Rfb8 26. Qxa4 Rxb5 27. b3
h6 28. Qf4 Ra8 29. Rc2 Rb4 30. Qd6 Kf7 31. Qc6 Rb7 32. Rdd2 Ra5 33. Rd6 Raa7 34.
Rdd2 Ra5 35. Kg2 Qc7 36. Qxc7+ Rxc7 37. b4 Rb5 38. Rd4 Ra7 39. bxc5 Rba5 40. c6
Rxa2 41. Rxa2 Rxa2 42. Rc4 Ra8 43. c7 Rc8 44. Kf3 Ke7 45. e4 fxe4+ 46. Kg4 g6
47. Kf4 Kd6 48. Kxe4 g5 49. g4 Rxc7 50. Rxc7 Kxc7 51. Ke5 Kd7 52. Kf6 Kd6 53. e4 1-0

[Event "85th ch-GER 2014"]
[Site "Verden an der Aller GER"]
[Date "2014.11.29"]
[Round "9.8"]
[White "Gutman, Lev"]
[Black "Siebrecht, Sebastian"]
[Result "1-0"]
[WhiteTitle "GM"]
[BlackTitle "GM"]
[WhiteElo "2408"]
[BlackElo "2464"]
[WhiteFideId "4600177"]
[BlackFideId "4609352"]
[EventDate "2014.11.21"]

1. Nf3 c5 2. g3 Nc6 3. Bg2 g6 4. O-O Bg7 5. c4 e5 6. Nc3 Nge7 7. a3 a5 8. e3 d6
9. d4 cxd4 10. exd4 Bg4 11. dxe5 Nxe5 12. Qa4+ Bd7 13. Nb5 Nxf3+ 14. Bxf3 Bc6
15. Qb3 O-O 16. Rd1 a4 17. Qd3 Nf5 18. Bxc6 bxc6 19. Nxd6 Nxd6 20. Qxd6 Qxd6 21.
Rxd6 Rfd8 22. Bf4 Rxd6 23. Bxd6 Rd8 24. c5 Bxb2 25. Rb1 Bxa3 26. Ra1 Bb2 27.
Rxa4 Bg7 28. Ra6 Rc8 29. Kg2 Bf8 30. Kf3 Bxd6 31. cxd6 c5 32. Ke4 Kf8 33. Kd5
Ke8 34. Ra7 Rb8 35. Re7+ Kf8 36. Re2 c4 37. d7 c3 38. Kd6 Kg7 39. Kc7 Rb2 40.
Re3 c2 41. Rc3 1-0

[Event "85th ch-GER 2014"]
[Site "Verden an der Aller GER"]
[Date "2014.11.29"]
[Round "9.9"]
[White "Bastian, Herbert"]
[Black "Meins, Gerlef"]
[Result "1-0"]
[WhiteTitle "IM"]
[BlackTitle "IM"]
[WhiteElo "2317"]
[BlackElo "2443"]
[WhiteFideId "4601700"]
[BlackFideId "4620895"]
[EventDate "2014.11.21"]

1. e4 c5 2. Nc3 Nc6 3. g3 g6 4. Bg2 Bg7 5. d3 d6 6. Be3 e5 7. Nd5 Nge7 8. Nxe7
Qxe7 9. Ne2 Nd4 10. c3 Nxe2 11. Qxe2 h5 12. O-O h4 13. Rad1 hxg3 14. hxg3 Bh6
15. Bxh6 Rxh6 16. d4 Be6 17. dxc5 dxc5 18. f4 exf4 19. gxf4 Kf8 20. f5 gxf5 21.
exf5 Bxa2 22. Qd2 Qh4 23. Rf4 Qh2+ 24. Kf1 Bb3 25. Re1 Bd5 26. Re2 Bxg2+ 27.
Rxg2 Qh1+ 28. Kf2 Qh5 29. Qd5 Rc8 30. Rfg4 Rhc6 31. Qe4 Qh7 32. Qf4 Re8 33. Rh4
Rec8 34. Rhg4 1-0

[Event "85th ch-GER 2014"]
[Site "Verden an der Aller GER"]
[Date "2014.11.29"]
[Round "9.10"]
[White "Kalinitschew, Sergey"]
[Black "Thiel, Thomas"]
[Result "1-0"]
[WhiteTitle "GM"]
[BlackTitle "FM"]
[WhiteElo "2392"]
[BlackElo "2323"]
[WhiteFideId "4637321"]
[BlackFideId "4615964"]
[EventDate "2014.11.21"]

1. c4 e5 2. g3 Nf6 3. Bg2 c6 4. Nf3 e4 5. Nd4 d5 6. cxd5 Qb6 7. Nc2 cxd5 8. Nc3
Nc6 9. d3 exd3 10. Qxd3 d4 11. Ne4 Nb4 12. Nxb4 Bxb4+ 13. Bd2 Bxd2+ 14. Qxd2
Nxe4 15. Bxe4 O-O 16. O-O Bg4 17. Rac1 Rfe8 18. Bd3 Be6 19. a3 Bd5 20. Qf4 Rad8
21. b4 Qe6 22. Rc7 h6 23. h4 a6 24. Kh2 Qe5 25. Qxe5 Rxe5 26. Rfc1 Kf8 27. Kg1
Re7 28. Kf1 Red7 29. Bf5 Rd6 30. Ke1 Bc6 31. Bd3 Bd5 32. Bc4 Bxc4 33. R1xc4 R8d7
34. Rxd7 Rxd7 35. Kd2 Ke7 36. Kd3 h5 37. Rxd4 Rc7 38. Re4+ Kd6 39. Rc4 Re7 40.
e4 g6 41. f4 Ke6 42. b5 axb5 43. Rc5 Rd7+ 44. Ke3 Rd6 45. Rxb5 Ra6 46. Rb3 b5
47. Kd4 Kd6 48. e5+ Kc6 49. Rc3+ Kb6 50. Kd5 1-0

[Event "85th ch-GER 2014"]
[Site "Verden an der Aller GER"]
[Date "2014.11.29"]
[Round "9.11"]
[White "Schild, Christoph"]
[Black "Buchal, Stephan"]
[Result "1-0"]
[WhiteTitle "FM"]
[BlackTitle "FM"]
[WhiteElo "2424"]
[BlackElo "2255"]
[WhiteFideId "4637089"]
[BlackFideId "4603915"]
[EventDate "2014.11.21"]

1. c4 g6 2. g3 Bg7 3. Bg2 d6 4. Nc3 e5 5. d3 f5 6. Rb1 Nf6 7. b4 O-O 8. Qb3 Nc6
9. e3 e4 10. d4 Ne7 11. b5 Be6 12. Ba3 g5 13. Nge2 Ng6 14. f3 f4 15. fxe4 Ng4
16. exf4 Ne3 17. f5 Bxc4 18. Qa4 Nxg2+ 19. Kf2 Bxe2 20. Nxe2 N2f4 21. gxf4 Nxf4
22. Nxf4 gxf4 23. h4 Qe8 24. Rbe1 a6 25. Qb3+ Kh8 26. Bb2 axb5 27. e5 Rxf5 28.
exd6 Qf7 29. dxc7 Qxc7 30. Rhg1 f3 31. Rg3 Qf4 32. Re7 Qd2+ 33. Kf1 Rc8 34.
Rgxg7 1-0

[Event "85th ch-GER 2014"]
[Site "Verden an der Aller GER"]
[Date "2014.11.29"]
[Round "9.12"]
[White "Hundack, Rolf"]
[Black "Schulz, Michael1"]
[Result "1-0"]
[BlackTitle "FM"]
[WhiteElo "2223"]
[BlackElo "2233"]
[WhiteFideId "4653092"]
[BlackFideId "4616731"]
[EventDate "2014.11.21"]

1. c4 e5 2. g3 Nf6 3. Bg2 d5 4. cxd5 Nxd5 5. Nc3 Nb6 6. Nf3 Nc6 7. O-O Be7 8. d3
O-O 9. Be3 Be6 10. Na4 Qd7 11. Nc5 Bxc5 12. Bxc5 Rfe8 13. b4 f6 14. a4 Qf7 15.
b5 Na5 16. Nd2 Bd5 17. Bb4 1-0

[Event "85th ch-GER 2014"]
[Site "Verden an der Aller GER"]
[Date "2014.11.29"]
[Round "9.13"]
[White "Schmid, Roland GER"]
[Black "Breutigam, Martin"]
[Result "0-1"]
[BlackTitle "IM"]
[WhiteElo "2249"]
[BlackElo "2409"]
[WhiteFideId "24647810"]
[BlackFideId "4601840"]
[EventDate "2014.11.21"]

1. d4 Nf6 2. c4 g6 3. Nc3 Bg7 4. e4 d6 5. f3 O-O 6. Be3 c5 7. Nge2 Nc6 8. d5 Ne5
9. Ng3 h5 10. Be2 h4 11. Nf1 e6 12. Bg5 h3 13. g3 Qb6 14. Qd2 exd5 15. cxd5 Nh7
16. Be3 f5 17. f4 Ng4 18. Bxg4 fxg4 19. Qc2 Re8 20. Nd2 Qa6 21. a4 Nf6 22. Nb5
Nxd5 23. Qc4 Qc6 24. exd5 Rxe3+ 25. Kf2 Qe8 26. Rhe1 Rxe1 27. Rxe1 Qd8 28. Ne4
a6 29. Nbxd6 Bd4+ 30. Kf1 b5 31. Qd3 Bf5 32. axb5 axb5 33. Nxb5 Qxd5 34. Qxd4
Qxd4 35. Nxd4 cxd4 36. Nf2 Rb8 37. Rd1 Rb4 38. Rd2 Kf7 39. Ke2 Ke6 40. Nd3 Rb5
41. Ne5 Kd5 42. Kd1 g5 43. Re2 gxf4 44. gxf4 d3 45. Rd2 Kd4 46. Rf2 Ke3 47. Rf1
Rc5 48. b4 Rc2 49. b5 Ra2 50. Re1+ Kd4 0-1

[Event "85th ch-GER 2014"]
[Site "Verden an der Aller GER"]
[Date "2014.11.29"]
[Round "9.14"]
[White "Plischki, Sebastian"]
[Black "Grigorian, Spartak"]
[Result "1-0"]
[WhiteTitle "IM"]
[WhiteElo "2396"]
[BlackElo "2244"]
[WhiteFideId "4637143"]
[BlackFideId "24661490"]
[EventDate "2014.11.21"]

1. Nf3 Nf6 2. c4 e6 3. Nc3 d5 4. d4 dxc4 5. e3 a6 6. Bxc4 b5 7. Be2 Bb7 8. O-O
c5 9. dxc5 Bxc5 10. Qxd8+ Kxd8 11. Nd2 Nbd7 12. Nb3 Bb6 13. Rd1 Rc8 14. a4 b4
15. a5 Bc7 16. Na4 Bd5 17. Nd4 Bxa5 18. Bxa6 Rc7 19. f3 Ke7 20. e4 Bc4 21. Bxc4
Rxc4 22. Be3 Rhc8 23. b3 R4c7 24. Nb5 Rc2 25. Nd6 R8c6 26. Nb7 Bc7 27. Bd2 e5
28. Bxb4+ Ke6 29. Rd2 Rxd2 30. Bxd2 Rc2 31. Bb4 Ne8 32. Nac5+ Nxc5 33. Nxc5+ Kf6
34. Ra8 Nd6 35. Ra6 Kg5 36. Rc6 Rc1+ 37. Kf2 Rc2+ 38. Kg3 1-0

[Event "85th ch-GER 2014"]
[Site "Verden an der Aller GER"]
[Date "2014.11.29"]
[Round "9.15"]
[White "Hoeffer, David"]
[Black "Boidman, Yuri"]
[Result "0-1"]
[BlackTitle "IM"]
[WhiteElo "2276"]
[BlackElo "2393"]
[WhiteFideId "24606766"]
[BlackFideId "4643992"]
[EventDate "2014.11.21"]

1. Nf3 d5 2. d4 Nf6 3. c4 c6 4. e3 e6 5. b3 Nbd7 6. Bb2 Ne4 7. Bd3 f5 8. O-O Bd6
9. Qc1 g5 10. Ne5 g4 11. Qd1 Qf6 12. Bxe4 Nxe5 13. dxe5 Bxe5 14. Bxe5 Qxe5 15.
Nd2 dxe4 16. b4 b6 17. Qa4 Bd7 18. c5 O-O 19. Nb3 Qg7 20. Rad1 e5 21. Rd6 b5 22.
Qa5 f4 23. Qc7 Rf7 24. Rxd7 Rxd7 25. Qxc6 Rad8 26. Qxb5 Rd1 27. Qc4+ Qf7 28.
Qxe4 Qd7 29. Qc4+ Kg7 30. exf4 exf4 31. g3 f3 32. h4 Rxf1+ 33. Qxf1 Qd1 34. Qxd1
Rxd1+ 35. Kh2 Kf6 36. b5 Ke7 37. b6 axb6 38. cxb6 Kd7 39. Nc5+ Kc6 40. Ne4 h5
41. Nf6 Rf1 42. Nxh5 Rxf2+ 43. Kg1 Rxa2 44. Nf6 Rg2+ 45. Kf1 Rxg3 46. h5 Rg2 47.
h6 g3 48. Nh5 Rf2+ 49. Kg1 Rb2 50. Nxg3 Rg2+ 0-1

[Event "85th ch-GER 2014"]
[Site "Verden an der Aller GER"]
[Date "2014.11.29"]
[Round "9.16"]
[White "Skibbe, Willi"]
[Black "Kabisch, Thilo"]
[Result "0-1"]
[WhiteTitle "FM"]
[WhiteElo "2274"]
[BlackElo "2204"]
[WhiteFideId "4682190"]
[BlackFideId "4603745"]
[EventDate "2014.11.21"]

1. d4 Nf6 2. c4 g6 3. Nc3 Bg7 4. e4 d6 5. Nf3 O-O 6. Be2 e5 7. O-O Nc6 8. d5 Ne7
9. Ne1 Ne8 10. f3 f5 11. g4 f4 12. h4 c6 13. Kg2 Rf7 14. Nd3 Bd7 15. a4 a6 16.
Qb3 Rb8 17. Bd2 b6 18. a5 b5 19. Nb4 Nc7 20. cxb5 axb5 21. dxc6 Nxc6 22. Nxc6
Bxc6 23. Rfd1 Qxh4 24. Be1 Qd8 25. Bf2 Bf8 26. Bb6 Kg7 27. Rh1 Qe8 28. Rac1 Na8
29. Bf2 Nc7 30. Na2 Na6 31. Qc3 Ba8 32. Bb6 d5 33. Qb3 dxe4 34. Bxb5 exf3+ 35.
Kh3 Qe7 36. Bxa6 Qg5 37. Qe6 Qh6# 0-1

[Event "85th ch-GER 2014"]
[Site "Verden an der Aller GER"]
[Date "2014.11.29"]
[Round "9.17"]
[White "Asendorf, Joachim"]
[Black "Bodrozic, Tomislav"]
[Result "1/2-1/2"]
[WhiteTitle "FM"]
[WhiteElo "2298"]
[BlackElo "2322"]
[WhiteFideId "4639260"]
[BlackFideId "24630993"]
[EventDate "2014.11.21"]

1. c4 Nf6 2. g3 g6 3. Bg2 Bg7 4. Nc3 O-O 5. d4 d6 6. Nf3 c6 7. O-O Qa5 8. e4 e5
9. h3 Nbd7 10. Re1 Re8 11. d5 Qc7 12. Be3 c5 13. a3 a6 14. Bf1 b6 15. b4 Bb7 16.
Rb1 Reb8 17. Nd2 Bf8 18. Qc2 a5 19. bxc5 Nxc5 20. Rb2 Nfd7 21. Reb1 Ba6 22. Nb5
Qd8 23. h4 Bc8 24. Nc3 Rb7 25. Bh3 Rab8 26. Nf3 Bg7 27. Rb5 Rc7 28. R5b2 Rcb7
29. Kg2 Bf6 30. Qe2 Qf8 31. g4 Bd8 32. g5 f5 33. gxf6 Nxf6 34. Bxc8 Rxc8 35.
Bxc5 Rxc5 36. Na4 Nh5 37. Qf1 Rc8 38. Nxb6 Bxb6 39. Rxb6 Rxb6 40. Rxb6 Qf4 41.
Qd3 Rf8 42. Rb3 Qc1 43. Qb1 Qxc4 44. Rb8 Nf4+ 45. Kg3 Nh5+ 1/2-1/2

[Event "85th ch-GER 2014"]
[Site "Verden an der Aller GER"]
[Date "2014.11.29"]
[Round "9.19"]
[White "Zehnter, Sebastian"]
[Black "Krallmann, Matthias"]
[Result "1-0"]
[BlackTitle "FM"]
[WhiteElo "2237"]
[BlackElo "2221"]
[WhiteFideId "24608670"]
[BlackFideId "4613848"]
[EventDate "2014.11.21"]

1. b3 Nf6 2. Bb2 b6 3. f4 Bb7 4. Nf3 g6 5. g3 Bg7 6. Bg2 O-O 7. O-O d6 8. Qe1
Nbd7 9. d3 e5 10. fxe5 Ng4 11. e4 Ngxe5 12. Nxe5 dxe5 13. Nd2 Qe7 14. Nc4 Nc5
15. Ba3 Rfe8 16. Qf2 Bf8 17. Bh3 Ba6 18. Qf3 Bxc4 19. bxc4 c6 20. Rf2 Rab8 21.
Raf1 Rb7 22. Kg2 Qd8 23. Bg4 Bd6 24. h4 Ne6 25. Bxe6 Rxe6 26. Bc1 Bc5 27. Re2 h5
28. Bg5 Qf8 29. g4 hxg4 30. Qxg4 Qg7 31. Kh1 Rd7 32. Rh2 Rdd6 33. Rf3 Kf8 34. h5
gxh5 35. Rxh5 Ke8 36. Qf5 Bd4 37. Qxf7+ Qxf7 38. Rh8+ 1-0

[Event "85th ch-GER 2014"]
[Site "Verden an der Aller GER"]
[Date "2014.11.29"]
[Round "9.20"]
[White "Steffens, Olaf"]
[Black "Mueller, Reinhold"]
[Result "1-0"]
[WhiteTitle "FM"]
[BlackTitle "FM"]
[WhiteElo "2279"]
[BlackElo "2289"]
[WhiteFideId "4630564"]
[BlackFideId "24605875"]
[EventDate "2014.11.21"]

1. b4 e5 2. a3 d5 3. Bb2 Bd6 4. c4 dxc4 5. e3 Nf6 6. Bxc4 O-O 7. Nc3 a5 8. b5
Nbd7 9. Qc2 Nc5 10. Nf3 e4 11. Ng5 Qe7 12. f3 exf3 13. Nd5 f2+ 14. Kf1 1-0

[Event "85th ch-GER 2014"]
[Site "Verden an der Aller GER"]
[Date "2014.11.29"]
[Round "9.21"]
[White "Kuersten, Ruediger"]
[Black "Reimche, Vadim"]
[Result "1-0"]
[WhiteElo "2179"]
[BlackElo "2084"]
[WhiteFideId "24605816"]
[BlackFideId "4642422"]
[EventDate "2014.11.21"]

1. d4 Nf6 2. c4 c5 3. d5 b5 4. cxb5 a6 5. bxa6 Bxa6 6. Nc3 g6 7. g3 d6 8. Bg2
Bg7 9. Nf3 O-O 10. O-O Nbd7 11. Rb1 Qc7 12. Qc2 Rfb8 13. b3 Rb7 14. Bb2 Rab8 15.
Rfe1 h6 16. Bf1 c4 17. Nd4 cxb3 18. axb3 Ne5 19. Qd2 Qc5 20. Ba1 Rb4 21. Red1
Nxd5 22. Nxd5 Qxd5 23. Bg2 Qc5 24. Rbc1 Qa7 25. Bc3 Rxb3 26. Nxb3 Rxb3 27. Bd4
Qb8 28. Bd5 Rb4 29. Bxe5 Bxe5 30. Bxf7+ Kg7 31. Ba2 Qb5 32. Bd5 Rd4 33. Qa2 Qxe2
34. Qxe2 Bxe2 35. Rxd4 Bxd4 36. Re1 Bg4 37. Rxe7+ Kf6 38. Re8 Bf5 39. Kg2 Bd7
40. Rf8+ Ke5 41. Bb7 d5 42. Rg8 g5 43. Rh8 Bc3 44. Rxh6 d4 45. f4+ gxf4 46. Rh5+
Kf6 47. gxf4 d3 48. Rc5 Bb4 49. Rc4 d2 50. Bf3 Ba5 51. Kg3 Be6 52. Rc6 Ke7 53.
Bd1 Bb4 54. h4 Bd7 55. Rb6 Bc3 56. h5 Kd8 57. Rb3 Ba5 58. h6 1-0

[Event "85th ch-GER 2014"]
[Site "Verden an der Aller GER"]
[Date "2014.11.29"]
[Round "9.22"]
[White "Mueller, Oliver"]
[Black "Keymer, Vincent"]
[Result "1-0"]
[WhiteTitle "FM"]
[WhiteElo "2258"]
[BlackElo "2116"]
[WhiteFideId "4633385"]
[BlackFideId "12940690"]
[EventDate "2014.11.21"]

1. d4 d5 2. c4 c6 3. Nf3 Nf6 4. e3 Bf5 5. Nc3 e6 6. Nh4 Be4 7. f3 Bg6 8. Qb3 Qc7
9. Bd2 Be7 10. g3 Nbd7 11. cxd5 Nxd5 12. Nxg6 hxg6 13. e4 Nxc3 14. bxc3 e5 15.
Bc4 O-O 16. O-O Bf6 17. Be3 exd4 18. cxd4 c5 19. Rac1 Be7 20. Bb5 Rad8 21. Rfd1
b6 22. Kg2 Nf6 23. Bf4 Qc8 24. d5 Nh5 25. Be3 Bd6 26. f4 g5 27. e5 gxf4 28. Bxf4
Nxf4+ 29. gxf4 Be7 30. Qg3 Qb7 31. Qf3 Bh4 32. Bd3 g6 33. Be4 Kg7 34. d6 Qa6 35.
Rc2 Rh8 36. f5 Rh5 37. fxg6 fxg6 38. e6 Bf6 39. Rf2 Rf8 40. Kh1 Qc4 41. Rg1 Rh6
42. Qf5 Qc1 43. Rxc1 gxf5 44. Rg1+ Kh8 45. Rxf5 Re8 46. d7 1-0